00517nam a22001697a 450000500170000001000150001702000270003203500130005903700130007208200110008524500980009626000320019427000550022630000260028150000200030770000200032720140320153655.0 aENG-109346 a9788172736293c1200.00 aEN-92879 bDBAD/PUB a378.54 aHigher education in India :cedited by Abraham Georgebemerging issues and future prospects / a DelhibAuthorspress c2013 aE-35/103, Jawahar Park Laxmi Nagarb Delhie110092 axiii,488p. c22cm(Hb) aIncludes index aGeorge, Abraham